[Event "World Junior U20 Open 2018"]
[Site "Gebze"]
[Date "2018.09.06"]
[Round "2.1"]
[White "Maghsoodloo, Parham"]
[Black "Haldorsen, Benjamin"]
[Result "1-0"]
[WhiteElo "2649"]
[BlackElo "2461"]
[Annotator "TA"]
[PlyCount "65"]
[EventDate "2018.09.05"]
[EventType "swiss"]
[EventCountry "TUR"]
[SourceTitle "playchess.com"]
[Source "ChessBase"]
[SourceQuality "1"]

{[%evp 9,65,-18,-3,-17,-17,-8,-5,-27,-23,-22,0,4,25,16,39,50,50,45,40,47,41,41,45,27,76,22,222,222,222,222,213,208,216,195,185,171,229,152,186,143,140,22,175,121,209,209,204,205,486,490,476,472,506,482,584,568,560,541]} 1. g3 c5 2. Bg2 Nc6 3. f4 g6 4. Nf3 Bg7 5. e4 d5 {LiveBook: 4 Games} (5... Nf6 6. d3 O-O 7. O-O d6 8. Nbd2 Rb8 9. a4 a6 10. h3 b5 11. g4 Nd7 12. axb5 axb5 13. Rf2 Bb7 14. Nf1 Ra8 15. Rb1 Ra2 16. c3 Qa8 17. Be3 Qa4 18. d4 Qxd1 19. Rxd1 cxd4 20. Nxd4 Nxd4 21. cxd4 Rc8 22. Rd3 {½-½ (22) Laznicka,V (2651)-Lupulescu,C (2609) Germany 2016}) 6. exd5 {B21: Sicilian: 2 f4 and Morra Gambit} Qxd5 7. O-O Nh6 8. Nc3 $146 {The position is equal.} ({Predecessor:} 8. c3 Qd3 9. Ne1 Qd8 10. d3 O-O 11. Nd2 Qc7 12. h3 Nf5 13. Ne4 {½-½ (33) Sulskis,S (2350)-Szymanski,A (2210) Warsaw 1992}) 8... Qh5 9. Ne4 O-O 10. d3 Rd8 11. c3 c4 12. d4 Bh3 13. Ne5 $36 {[%cal Bf3e5,Be5c4,Bc4d6][%mdl 2080] [#] Threatens to win with Qxh5. White has the initiative.} Qxd1 14. Rxd1 Bxg2 $1 15. Kxg2 Rac8 16. Be3 {[%cal Bc1e3,Be3a7,Ba7b6][%mdl 32]} e6 17. Nxc4 Nxd4 $2 {[#]} (17... Nf5 $11 {and Black is okay.}) 18. Ned6 $18 (18. Bxd4 Rxc4 19. Bxg7 Rxd1 $16) 18... Ndf5 19. Bxa7 {Strongly threatening Bb6.} (19. Nxc8 Rxc8 20. Bxa7 Rxc4 $14) 19... Nxd6 20. Nxd6 ({Weaker is} 20. Rxd6 Rxd6 21. Nxd6 Rd8 $14) 20... Ra8 21. Bb6 Rd7 22. a3 e5 (22... Ng4 {is a better defense.} 23. Ne4 Rad8) 23. fxe5 Ng4 24. e6 fxe6 25. Nb5 (25. Nc4 $16 Rd5 26. Rxd5 exd5 27. Ne3 Nxe3+ 28. Bxe3) 25... Rf7 $2 (25... Rad8 $1 $11 26. Rxd7 (26. Bxd8 Ne3+ 27. Kf3 Nxd1 $11) 26... Rxd7) 26. Rd6 ({White should play} 26. a4 $18) 26... Ne5 (26... Rf5 $16 27. Nc7 Be5) 27. Rxe6 Nc4 28. Nd6 Nxb2 $2 (28... Nxd6 {keeps fighting.} 29. Rxd6 Re8) 29. Nxf7 {White is clearly winning.} Kxf7 30. Rae1 Bxc3 31. Re7+ Kf8 32. R1e2 Na4 33. Bf2 {Precision: White = 55%, Black = 38%.} 1-0

[Event "World Junior U20 Open 2018"]
[Site "Gebze"]
[Date "2018.09.06"]
[Round "2.2"]
[White "Donchenko, Alexander"]
[Black "Morozov, Nichita"]
[Result "1-0"]
[WhiteElo "2614"]
[BlackElo "2452"]
[Annotator "TA"]
[PlyCount "75"]
[EventDate "2018.09.05"]
[EventType "swiss"]
[EventCountry "TUR"]
[SourceTitle "playchess.com"]
[Source "ChessBase"]
[SourceQuality "1"]

{[%evp 19,74,29,25,0,20,10,7,0,95,88,145,137,304,70,149,166,174,157,155,147,269,269,268,242,325,328,328,320,247,239,326,326,316,318,341,345,317,321,341,341,329,320,339,331,390,371,341,303,553,474,29996,29997,29997,29998,29998,29999,29999]} 1. c4 Nf6 2. Nc3 e5 3. g3 Bb4 4. Bg2 O-O 5. Nf3 {[%cal Bg1f3,Bf3d4,Bd4c2,Bc2e3][%mdl 32]} Re8 6. O-O e4 7. Nd4 Bxc3 8. bxc3 c5 {A22: English Opening: 1...e5 2 Nc3 Nf6} (8... Nc6 9. f3 exf3 10. Nxf3 d6 11. d3 Ng4 12. e4 Nge5 13. Nd4 Bg4 14. Qc2 Qd7 15. Be3 Bh3 16. Nf5 Bxg2 17. Kxg2 Ne7 18. h3 Nxf5 19. Rxf5 {½-½ (47) Petr,M (2497)-Velicka,P (2420) Czech Republic 2018}) 9. Nc2 d5 10. cxd5 Qxd5 {LiveBook: 3 Games. White has an edge.} 11. Ne3 Qh5 12. Rb1 $146 ({Predecessor:} 12. f3 Nc6 13. g4 Qg6 14. h3 h5 15. Qc2 Be6 16. Ba3 {0-1 (27) Prskawetz,F (2093)-Wittmann,R (2192) Untergrombach 2016}) 12... Nc6 13. d3 Bh3 (13... Rd8 $11 {remains equal.}) 14. Rxb7 $16 ({Don't play} 14. Bxh3 $6 Qxh3 15. Rxb7 Rad8 $11) 14... Ne5 (14... Rad8 $142) 15. dxe4 Rad8 $2 (15... Bxg2 $16 16. Kxg2 Nxe4) 16. Qe1 $2 ({White has to play} 16. Qc2 $18) 16... Nfg4 ({Better is} 16... Bxg2 $14 17. Kxg2 (17. Nxg2 Nxe4 18. f3 Nf6 $16) 17... Nxe4) 17. Nxg4 Nxg4 18. f3 Bxg2 {[%csl Gg4][%cal Rh5h2] [#]} 19. fxg4 Qe5 (19... Qxg4 $16 20. Rfxf7 Bxe4 21. Rxg7+ (21. Rxa7 Qh3 $16) 21... Qxg7 22. Rxg7+ Kxg7) 20. Rfxf7 $18 Bxe4 21. Rxg7+ Qxg7 22. Rxg7+ Kxg7 23. c4 Kg8 24. Bh6 Rd6 25. Qc1 Bg6 26. Qb2 {[%csl Gh6][%cal Rb2g7] [#]} Rd4 27. e3 Rd7 28. Kg2 Re6 29. Kh3 Be8 30. Bf4 Rf7 31. Qb8 Kf8 32. g5 Kg7 33. Be5+ Kg6 $2 (33... Kg8 {keeps fighting.} 34. Bd6 Rxe3 35. Bxc5 Re6) 34. Kg4 {White wants to mate with Qb1+.} Rfe7 (34... h5+ $18 35. Kh4 Kh7 36. Qb1+ Kg8) 35. Qb1+ {White mates.} Kf7 36. Qxh7+ Kf8 37. Qh8+ Kf7 38. Qg7# {Precision: White = 75%, Black = 26%.} 1-0

[Event "World Junior U20 Open 2018"]
[Site "Gebze"]
[Date "2018.09.06"]
[Round "2.3"]
[White "Barseghyan, Harutyun"]
[Black "Karthikeyan, Murali"]
[Result "0-1"]
[WhiteElo "2466"]
[BlackElo "2605"]
[Annotator "TA"]
[PlyCount "84"]
[EventDate "2018.09.05"]
[EventType "swiss"]
[EventCountry "TUR"]
[SourceTitle "playchess.com"]
[Source "ChessBase"]
[SourceQuality "1"]

{[%evp 18,84,7,10,16,-26,16,-8,-3,-2,-15,-7,0,-19,-10,-27,-26,-37,-27,-23,-31,-37,-30,-35,0,-17,-11,-41,-45,-43,-33,-29,-29,-95,-89,-98,-76,-175,-66,-66,-74,-65,-68,-67,-71,-156,-141,-475,-431,-814,-793,-897,-904,-857,-840,-1245,-605,-2325,-1110,-1842,-1867,-1869,-1761,-1628,-1556,-4910,-4802,-4774,-2601]} 1. d4 Nf6 2. c4 Nc6 3. Nf3 e6 4. Nc3 Bb4 5. Qc2 d6 6. a3 Bxc3+ 7. Qxc3 O-O 8. g3 e5 {E33: Nimzo-Indian: Classical: 4...Nc6} 9. d5 Ne7 10. Bg2 {LiveBook: 9 Games} a5 {The position is equal.} 11. a4 $146 ({Predecessor:} 11. O-O a4 12. Ne1 Nd7 13. Nd3 b6 14. Bd2 f5 15. f4 {½-½ (15) Braun,A (2583)-Pap,M (2491) Boeblingen 2017}) 11... h6 12. O-O Ne4 13. Qc2 Nc5 14. Nd2 Bd7 15. Ne4 Bf5 16. Be3 Nxe4 17. Bxe4 Bxe4 18. Qxe4 f5 19. Qh4 Qe8 20. Bd2 Kh7 21. f3 e4 22. f4 c6 23. dxc6 Ng6 24. Qh5 Qxc6 25. Be3 (25. Rfc1 $11 {keeps the balance.}) 25... Qxc4 $17 26. Rfc1 Qf7 27. Rc2 (27. Bd4 $17) 27... Rac8 (27... Qb3 $19 28. Rc3 Qxb2) 28. Rd2 $15 Qb3 $36 {[%mdl 2048] Black is in control.} 29. Kf2 Rc6 30. Rad1 Rf6 31. Rd4 ({White should try} 31. Bd4) 31... Qxb2 32. R1d2 $2 {[%mdl 8192]} (32. Rd5 $17 {is tougher.} Qb3 33. R1d2) 32... Qa3 $19 {Black is clearly winning.} 33. g4 (33. Rd5 $142 Rc3 34. Rxf5 Rxf5 35. Qxf5 Rxe3 36. Rd5) 33... Rc3 34. gxf5 Ne7 {[%cal Bg6e7,Be7f5,Bf5d4][%mdl 32]} 35. Rxe4 Nxf5 {[%cal Rc3e3]} 36. Qf3 Qb3 (36... Rg6 $142 37. Rd1 {[#]} d5 $1 {[%mdl 512]}) 37. h4 d5 (37... Qb1 $142 38. h5 Nh4) 38. Re5 d4 39. Rxd4 Nxd4 40. Qe4+ {[#]} Nf5 $1 41. Bd4 (41. Rxf5 Rxe3) 41... Rc4 {( -> ...Qg3+)} 42. Rxf5 {[#]} Rxd4 $1 {[%mdl 512] Precision: White = 22%, Black = 40%.} 0-1

[Event "World Junior U20 Open 2018"]
[Site "Gebze"]
[Date "2018.09.06"]
[Round "2.4"]
[White "Makhnev, Denis"]
[Black "Esipenko, Andrey"]
[Result "1-0"]
[WhiteElo "2449"]
[BlackElo "2593"]
[Annotator "TA"]
[PlyCount "99"]
[EventDate "2018.09.05"]
[EventType "swiss"]
[EventCountry "TUR"]
[SourceTitle "playchess.com"]
[Source "ChessBase"]
[SourceQuality "1"]

{[%evp 26,99,19,9,3,3,18,0,13,-14,-14,-23,102,101,91,93,85,79,231,218,330,329,322,305,300,302,308,301,307,308,285,262,262,262,262,262,264,264,243,261,299,309,328,331,316,294,264,242,236,233,403,401,406,361,361,361,361,361,361,357,343,339,308,287,265,216,425,425,12279,11821,12279,12279,12279,6031,6031,6024]} 1. d4 Nf6 2. c4 e6 3. Nf3 d5 4. Nc3 c5 5. cxd5 Nxd5 6. e4 Nxc3 7. bxc3 cxd4 8. cxd4 Bb4+ 9. Bd2 Bxd2+ 10. Qxd2 O-O 11. Bc4 Nd7 12. O-O b6 13. Rad1 Bb7 14. Rfe1 Rc8 {D41: Damengambit (Verbesserte Tarrasch-Verteidigung)} 15. Bd3 (15. Bb3 Nf6 16. Qf4 Re8 17. h3 Nh5 18. Qe5 Nf6 19. Qf4 Nh5 20. Qg4 Nf6 21. Qf4 {½-½ (21) So,W (2780)-Wei,Y (2729) chess.com INT 2018}) 15... h6 16. Qf4 Qf6 {Die Stellung ist ausgeglichen.} 17. Qg3 $146 ({Vorgänger:} 17. Qg4 Rfd8 18. Re3 e5 19. d5 Rc3 20. Bb5 Rxe3 21. fxe3 Nc5 22. Rf1 {0-1 (35) Jedlicka,A (2221)-Pulpan,J (2386) Pardubice 2018}) 17... Rc3 18. Qd6 Rd8 {[#]} (18... Qd8 $11 {bleibt in der Remisbreite.}) 19. e5 $1 $36 {[%cal Re5f6][%mdl 2048] Weiss hat starke Initiative.} Qf4 20. Re3 Rcc8 {zielt auf ...Sf6 ab.} 21. Qe7 Qg4 $2 (21... Bd5 $16 {kämpft weiter.}) 22. h3 $18 Qh5 (22... Qf4 {war nötig.} 23. Rde1 Rb8) 23. Kh2 Bxf3 24. Rxf3 Nf8 25. g4 Qg5 26. Qxf7+ Kh8 27. h4 Qxh4+ 28. Rh3 Rd7 {[#]} 29. Qxf8+ $1 {[%mdl 512]} Rxf8 30. Rxh4 Rxd4 31. Kg2 Rfd8 32. Rh3 Rxg4+ 33. Kf1 Rgd4 34. Ke2 R8d5 35. Re3 Ra5 36. Rd2 g5 37. Rc2 g4 $2 (37... Kg8 38. Rc8+ Kf7 39. Rc7+ Ke8) 38. Rc8+ Kg7 39. Rc7+ Kf8 40. Bc4 Rc5 41. Rxc5 bxc5 42. Bxe6 {[%mdl 4096] Endspiel KTL-KT} Ke7 43. Bf5 Rf4 44. Bc2 Ke6 45. Rc3 Kxe5 $2 (45... c4 46. Ra3 Kxe5 47. Rxa7 Kd4) 46. Rxc5+ {Weiß steht klar auf Gewinn.} Kd4 (46... Kf6 $142 47. Rh5 Kg7) 47. Rf5 Rxf5 48. Bxf5 h5 49. Bg6 h4 50. Bf5 {Precision: Weiß = 70%, Schwarz = 40%.} 1-0

[Event "World Junior U20 Open 2018"]
[Site "Gebze"]
[Date "2018.09.06"]
[Round "2.5"]
[White "Xu, Xiangyu"]
[Black "Janik, Igor"]
[Result "1-0"]
[WhiteElo "2586"]
[BlackElo "2447"]
[Annotator "TA"]
[PlyCount "82"]
[EventDate "2018.09.05"]
[EventType "swiss"]
[EventCountry "TUR"]
[SourceTitle "playchess.com"]
[Source "ChessBase"]
[SourceQuality "1"]

{[%evp 9,82,-35,-57,-43,-50,-52,-18,-42,16,29,31,24,33,35,53,41,52,44,65,25,91,81,89,93,109,102,109,109,109,109,105,107,112,110,170,175,169,170,224,199,173,0,185,179,286,289,284,275,276,275,287,284,276,204,206,217,281,286,282,271,273,241,324,298,472,480,463,458,430,398,454,425,522,517,566]} 1. d4 d5 2. Nf3 Nf6 3. g3 Bf5 4. c4 e6 5. Nh4 $146 ({Predecessor:} 5. Nc3 c6 6. Nh4 Bg4 7. h3 Bh5 8. g4 Nfd7 9. Qb3 b6 10. Ng2 Bg6 11. Nf4 dxc4 12. Qxc4 {1-0 (40) Grischuk,A (2779)-Zvjaginsev,V (2659) Khanty-Mansiysk 2013}) 5... Be4 6. f3 {D02: 1 d4 d5 2 Nf3 sidelines, including 2...Nf6 3 g3 and 2...Nf6 3 Bf4} Bxb1 $1 7. Rxb1 Bb4+ 8. Kf2 {aiming for c5.The position is equal.} Be7 ({Black should play} 8... dxc4 $15 9. e3 O-O) 9. cxd5 $11 Nxd5 10. e4 Bxh4 11. exd5 {Qa4+ is the strong threat.} Bf6 12. dxe6 Bxd4+ 13. Kg2 {Threatens to win with Qb3.} fxe6 14. Bb5+ c6 (14... Nc6 $1 $11) 15. Bc4 O-O 16. Re1 Bf6 17. Bf4 Kh8 18. Rxe6 Qxd1 19. Rxd1 $40 {[%mdl 128] White goes for the king.} b5 20. Rxf6 gxf6 {[#]} 21. Bh6 $1 {[%cal Rh6f8]} Re8 {[#]} (21... Nd7 $16 {was necessary.}) 22. Bf7 $1 $18 {[%cal Rf7e8][%mdl 1024] White has strong compensation.} Rc8 23. Rd4 f5 (23... Na6 {is a better defense.}) 24. Be6 Re8 25. Bf7 Rc8 $1 26. Rf4 a5 (26... Na6 {was called for.} 27. Rxf5 Nb4) 27. Rxf5 {Intending Rg5 and mate.} Ra7 28. Be3 {[%cal Re3d4]} Rd7 29. Be6 Re8 30. Bxd7 Nxd7 {[%mdl 4096] Endgame KRB-KRN} 31. Kf2 Kg8 32. Bd4 Nf8 33. Rg5+ Kf7 34. Rg7+ Ke6 35. Rg8 Rb8 36. Rh8 Kd5 (36... Nd7 $142 37. Rxh7 c5) 37. Bg7 Nd7 38. Rxh7 a4 39. Rh5+ Kc4 40. Rh4+ Kc5 41. Rg4 Kd5 {Precision: White = 84%, Black = 50%.} 1-0

[Event "World Junior U20 Open 2018"]
[Site "Gebze"]
[Date "2018.09.06"]
[Round "2.6"]
[White "Escalante Ramirez, Brian Sebasti"]
[Black "Firouzja, Alireza"]
[Result "0-1"]
[WhiteElo "2436"]
[BlackElo "2582"]
[Annotator "TA"]
[PlyCount "68"]
[EventDate "2018.09.05"]
[EventType "swiss"]
[EventCountry "TUR"]
[SourceTitle "playchess.com"]
[Source "ChessBase"]
[SourceQuality "1"]

{[%evp 19,68,-31,-1,-25,-29,-25,-27,-45,0,0,0,0,0,0,0,-4,0,-47,-41,-81,-89,-70,-64,-204,-213,-295,-308,-298,-300,-287,-302,-316,-257,-254,-246,-229,-54,-51,0,-235,-200,-321,-315,-362,-356,-361,-344,-333,-314,-424,-417]} 1. e4 e6 2. d4 d5 3. e5 c5 4. c3 Qb6 5. Nf3 Nc6 6. Bd3 Bd7 7. O-O cxd4 8. cxd4 Nxd4 9. Nbd2 {[%cal Bb1d2,Bd2f3,Bf3d4][%mdl 32]} Nxf3+ {C02: Französische Verteidigung (Vorstoßvariante)} (9... Nc6 10. Nb3 Nge7 11. Be3 Qd8 12. Nc5 Rb8 13. Rc1 Ng6 14. Bb5 Be7 15. Nxd7 Qxd7 16. Bxa7 Ra8 17. Be3 Rxa2 {1-0 (49) Topalov,V (2752)-Morozevich,A (2770) Astana 2012}) 10. Nxf3 h6 {LiveBook: 6 Partien} 11. Be3 Bc5 {Schwarz hat minimalen Vorteil.} 12. Bxc5 Qxc5 13. b4 Qxb4 $146 ({Vorgänger:} 13... Qb6 14. b5 Ne7 15. a4 Rc8 16. a5 Qc7 17. a6 {½-½ (77) Huesmann,T (2175)-Harff,M (2410) Neustadt an der Weinstrasse 2018}) 14. Rb1 Qa5 15. Nd4 Qc7 16. Qg4 Kf8 17. f4 Ne7 {Und weiter mit ...Dc5 wäre nett.} 18. Rfc1 Nc6 19. Nb5 Qb6+ 20. Kh1 Qe3 $1 {[%cal Re3d3]} 21. Bf1 {[#]} ({Besser ist} 21. Bc2 $15) 21... g5 $1 $19 22. fxg5 hxg5 23. Re1 Qf4 24. Qxf4 gxf4 25. Nd6 Rb8 26. Nxb7 Ke7 27. Kg1 Bc8 $2 {[#]} (27... Rhg8 $19 {Weiss muss nun ...Sd4 beachten.} 28. Kf2 Rgc8) 28. Na5 $1 $15 {[%cal Ra5c6]} Bd7 $2 (28... Rxb1 $1 $15 29. Nxc6+ Kd7 30. Rxb1 Kxc6) 29. Nb7 $1 $19 Rhc8 30. Bd3 (30. Ba6 $142) 30... Nd4 31. Nd6 Rg8 32. Kf2 Rxb1 33. Rxb1 Nc6 34. Re1 f6 {Precision: Weiß = 43%, Schwarz = 66%.} 0-1

[Event "World Junior U20 Open 2018"]
[Site "Gebze"]
[Date "2018.09.06"]
[Round "2.7"]
[White "Sibashvili, Giorgi"]
[Black "Aravindh, Chithambaram VR"]
[Result "0-1"]
[WhiteElo "2425"]
[BlackElo "2578"]
[Annotator "TA"]
[PlyCount "110"]
[EventDate "2018.09.05"]
[EventType "swiss"]
[EventCountry "TUR"]
[SourceTitle "playchess.com"]
[Source "ChessBase"]
[SourceQuality "1"]

{[%evp 21,110,21,11,0,0,-9,-6,-29,-29,-29,-26,-24,-6,-14,7,-26,-16,-33,-31,-31,-26,-36,-34,-29,-20,-43,-33,-34,-41,-94,-93,-93,-101,-153,-145,-156,-154,-131,-134,-155,-148,-148,-148,-148,-148,-148,-148,-152,-148,-154,-70,-86,0,-143,-141,-115,-119,-279,-279,-281,-281,-281,-268,-268,-256,-284,-213,-555,-334,-543,-552,-551,-530,-543,-539,-539,-531,-526,-527,-532,-531,-531,-530,-477,-503,-527,-514,-1068,-975,-797,-654]} 1. d4 Nf6 2. c4 g6 3. Nc3 Bg7 4. e4 d6 5. Nf3 O-O 6. Be2 e5 7. O-O Nc6 {[%cal Bb8c6,Bc6d8,Bd8e6,Be6d4][%mdl 32]} 8. Be3 Ng4 9. Bg5 f6 10. Bh4 Nh6 11. dxe5 dxe5 12. Qxd8 {E97: King's Indian: Classical Main Line (6...e5 7 0-0 Nc6): 8 Be3 and 8 d5 Ne7, not 9 Ne1} (12. c5 Kh8 13. Qa4 Bg4 14. Rfd1 Qe7 15. Nd5 Qf7 16. Bg3 Bxf3 17. Bxf3 f5 18. Be2 Nd4 19. Rxd4 exd4 20. Bc4 {1-0 (33) Landa,K (2639)-Saric,I (2643) Germany 2011 CBM 146 [RR]}) 12... Nxd8 13. Nd5 Ne6 14. Ne7+ {The position is equal.} Kf7 15. Nxc8 Rfxc8 16. Rfd1 {[#]} Ke8 $146 ({Predecessor:} 16... Ke7 17. Ne1 Nd4 18. Kf1 Nf7 19. f3 Nd8 {1-0 (62) Buturin,V (2415)-Frolov,A (2510) Alushta 1992}) 17. Nd2 Nd4 18. Kf1 Nf7 19. Nb3 c5 20. Nxd4 cxd4 21. Rac1 Nd8 22. c5 a5 {[%cal Ba7a5,Ba5a4][%mdl 32]} 23. a3 a4 24. Bb5+ Ke7 25. Rc4 ({White should try} 25. f4 $15) 25... Ra5 $17 26. Rb4 Rxc5 27. Bxa4 (27. Bd3 $142) 27... b5 28. Bb3 {[#]} g5 $1 $36 {[%cal Rg5h4][%mdl 2048] Black is on the roll.} 29. Bg3 Nc6 30. f3 Ra7 31. Be1 Kd7 32. a4 Nxb4 33. Bxb4 Rc8 {And now ...Bf8 would win.} 34. axb5 {[#]} Rb8 $1 {[%cal Rb8b5]} 35. Bc5 Rc7 (35... Rxb5 $17 36. Bxa7 Rxb3) 36. Bb4 $15 Ra7 ({Reject} 36... Rxb5 $6 37. Ba4 $11) ({Better is} 36... Bf8 37. b6 Rc6 38. Bxf8 Rxf8) 37. Bc5 $17 Rxb5 38. Bxa7 {Strongly threatening Ba4.} Rxb3 {[%mdl 4096] Endgame KRB-KRB} 39. Rd2 $2 (39. Bc5 $17 {was called for.}) 39... Bf8 $19 40. Rc2 Bd6 41. Ke1 h5 42. h3 Bb4+ 43. Kd1 d3 44. Rf2 $2 (44. Bf2) 44... d2 45. Rf1 $2 (45. Ke2 Rxb2 46. Be3) 45... Rxb2 {( -> ...Rb1+). Black is clearly winning.} 46. Ke2 {[#]} d1=Q+ $1 {[%mdl 512]} 47. Kxd1 Rd2+ 48. Kc1 Ra2 {Hoping for ...Ra1+.} 49. Rd1+ Ke6 50. Be3 {and the idea Bd2 leaves White hopeful.} Ba3+ 51. Kb1 Rb2+ 52. Ka1 Rxg2 53. h4 g4 54. f4 (54. fxg4 $142 Rxg4 55. Bf2) 54... exf4 55. Bxf4 Re2 {Precision: White = 43%, Black = 81%.} 0-1

[Event "World Junior U20 Open 2018"]
[Site "Gebze"]
[Date "2018.09.06"]
[Round "2.8"]
[White "Tabatabaei, M amin"]
[Black "Raja Harshit"]
[Result "1-0"]
[WhiteElo "2576"]
[BlackElo "2419"]
[Annotator "TA"]
[PlyCount "71"]
[EventDate "2018.09.05"]
[EventType "swiss"]
[EventCountry "TUR"]
[SourceTitle "playchess.com"]
[Source "ChessBase"]
[SourceQuality "1"]

{[%evp 14,71,-18,-22,0,-1,17,14,23,7,7,0,0,7,6,0,24,22,20,18,22,17,47,37,40,33,37,39,35,31,31,40,88,81,125,134,124,110,112,118,139,139,135,142,524,145,281,281,384,336,464,414,1008,975,1153,1146,1120,1080,1549,1458]} 1. f4 c5 2. Nf3 Nf6 3. g3 g6 4. Bg2 Bg7 5. d3 d5 6. O-O O-O 7. c3 Nc6 8. Na3 {LiveBook: 109 Games} Bf5 {A03: Bird's Opening with 1...d5} (8... Re8 9. Nh4 b6 10. e4 dxe4 11. Qa4 Qxd3 12. Qxc6 Bd7 13. Qc7 Ng4 14. Re1 Bd4+ 15. cxd4 Qxd4+ 16. Be3 Nxe3 {1-0 (58) Carlsen,M (2837)-Adams,M (2715) London 2017}) 9. Nh4 Rb8 $146 ({Predecessor:} 9... Qd7 10. Nxf5 Qxf5 11. Qc2 d4 12. Nc4 Nd5 13. e4 dxe3 14. Nxe3 Nxe3 15. Bxe3 c4 16. Be4 cxd3 17. Qxd3 {1-0 (65) Boruta,D (1874)-Gabrys,S (1805) Rewal 2011}) 10. Qe1 Qd7 {The position is equal.} 11. e4 Bh3 12. e5 Ne8 13. Bxh3 Qxh3 14. Nc2 Qd7 (14... f6 {keeps more tension.} 15. exf6 Bxf6 16. Nf3 Nd6 17. Be3 b6) 15. d4 cxd4 $1 16. cxd4 Rc8 17. Rf2 f5 18. h3 Nc7 19. Kh2 b6 20. Be3 Na5 21. Rd1 Qa4 22. g4 Ne6 23. Nb4 {Hoping for gxf5.} Qb5 24. a4 Qd7 25. gxf5 gxf5 26. Qh1 Rcd8 27. Qf3 Rf7 28. Rg2 Nc6 $2 {[%mdl 8192] [#]} (28... Nf8 $16 {is more resistant.}) 29. Na2 $2 (29. Nxc6 $18 Qxc6 30. Qh5) 29... Qe8 (29... Nf8 $16 30. Qh5 e6) 30. Nc3 $18 {[%cal Ba2c3,Bc3e2,Be2g3][%mdl 32]} Nb4 31. Ne2 Qxa4 32. Ng3 Rdf8 (32... Nc2 $142) 33. Ngxf5 {White is clearly winning.} Rxf5 34. Nxf5 Rxf5 35. Qg4 Qxd1 36. Qxd1 {Precision: White = 71%, Black = 23%.} 1-0

[Event "World Junior U20 Open 2018"]
[Site "Gebze"]
[Date "2018.09.06"]
[Round "2.9"]
[White "Muradli, Mahammad"]
[Black "Liang, Awonder"]
[Result "1/2-1/2"]
[WhiteElo "2407"]
[BlackElo "2575"]
[Annotator "TA"]
[PlyCount "94"]
[EventDate "2018.09.05"]
[EventType "swiss"]
[EventCountry "TUR"]
[SourceTitle "playchess.com"]
[Source "ChessBase"]
[SourceQuality "1"]

{[%evp 24,94,29,27,32,6,26,10,17,10,8,2,19,-14,0,-13,-17,-47,-31,-34,-31,-41,-22,-28,0,0,0,0,0,-16,4,8,21,11,27,-82,-81,-102,-107,-107,-87,-127,-120,-111,-121,-157,-155,-156,-147,-225,-199,-176,-8,-4,-2,-2,-4,-4,-5,-41,-41,-42,-8,-4,-8,-8,0,0,0,0,0,0,0]} 1. Nf3 Nf6 2. c4 b6 3. g3 Bb7 4. Bg2 c5 5. O-O g6 6. Nc3 Bg7 7. d4 cxd4 8. Nxd4 Bxg2 9. Kxg2 Nc6 10. b3 Qc7 11. Bb2 Qb7 12. f3 O-O 13. e4 a6 {[#] A30: Englische Eröffnung (Symmetrische Variante)} (13... Rfd8 14. Rc1 e6 15. Nxc6 {½-½ (15) Nikolaidis,I (2467)-Van den Doel,E (2609) Plovdiv 2003}) 14. Re1 $146 ({Vorgänger:} 14. a4 e6 15. Nxc6 dxc6 16. e5 Rfd8 17. Qc2 Nd7 18. f4 Nc5 19. Ba3 Nd3 20. Rad1 c5+ 21. Kh3 {1-0 (48) Lenic,L (2502)-Vukanovic,S (2336) Otocec 2006}) 14... Rfd8 15. Nd5 Ne8 16. Qd2 e6 {[#] zielt auf ...Lxd4 ab.} 17. Ne3 Ne5 {[%cal Bc6e5,Be5d7,Bd7f6,Bf6e4][%mdl 32]} 18. Kg1 d6 19. Rad1 b5 20. f4 Nd7 21. f5 e5 22. Ndc2 Ndf6 23. Qg2 Nxe4 24. Nd5 Qa7+ 25. Bd4 $1 {[%cal Rd4a7]} exd4 26. Qxe4 {Und Se7+ würde nun gewinnen.} Be5 27. Ncb4 {Droht stark Sc6.} Rac8 28. cxb5 (28. Qh4 {seems wilder.} f6 29. cxb5 axb5 30. fxg6 hxg6 31. Qg4) 28... axb5 29. Nd3 (29. Qh4 $11 {bleibt in der Remisbreite.} Rd7 30. Qh3) 29... Nf6 $17 30. Nxf6+ Bxf6 31. fxg6 hxg6 32. Qd5 Rc2 33. Rf1 Bg7 {[%cal Bf6g7,Bg7h6,Bh6e3][%mdl 32]} 34. a4 bxa4 35. bxa4 Bh6 36. Rf6 (36. Kh1 $17 {war nötig.}) 36... Be3+ $19 37. Kh1 {[#]} Qa8 $2 ({Lieber} 37... Kg7 $1 $19 {[%cal Rg7f6]} 38. Rdf1 Rd7) 38. Rxg6+ $1 $11 Kf8 {[%cal Ra8d5]} 39. Qxa8 Rxa8 40. Rxd6 Rxa4 {Weiss muss nun ...Taa2 beachten.} 41. Rd5 Raa2 {[%csl Ga2][%cal Rc2h2]} 42. Rh5 Rd2 43. Rxd2 {Die Stellung ist ausgeglichen.} Rxd2 44. Ne5 $1 f6 45. Rf5 Rd1+ 46. Kg2 Rg1+ 47. Kh3 Ke7 {Precision: Weiß = 40%, Schwarz = 54%.} 1/2-1/2